000 00934nam a2200301 4500
001 0000019671
003 CO-CtgCURN
005 20250331185214.0
007 ta
008 160627s2002 000 0 eng d
020 _a9500615681
040 _aCO-CtgCURN
_bspa
_ccoctgcurn
082 0 _a616.8
_bT691
245 0 0 _aTratado de neurología clinica /
_cFederico Micheli... [et. al.].
260 _aBuenos Aires :
_bMedica Panamericana,
_c2002.
300 _axiv, 1606 p.
336 _2rdacontent
337 _2rdamedia
_asin mediacion
_bn
338 _2rdacarrier
_avolumen
_bnc
500 _aIncluye indice analitico.
504 _aBibliografia al final de cada capitulo.
505 8 _aSintomas.--Patologías.--Traumatismos
650 1 4 _aNeurología.
700 1 _aMicheli, Federico.
908 _a160627
942 _cBK
_h616.8
_iT691
_2ddc
999 _c22806
_d22806